Song Title to Artist Click Quiz - Statistics

General Stats
  • This quiz has been taken 1,293 times
  • The average score is 13 of 15
Answer Stats
Hint Answer % Correct
Bohemian Rhapsody Queen
97%
Billie Jean Michael Jackson
96%
Smells Like Teen Spirit Nirvana
96%
Rocket Man Elton John
93%
Like a Virgin Madonna
93%
Rolling in the Deep Adele
92%
Let It Be The Beatles
90%
Californication Red Hot Chili Peppers
87%
Hotel California Eagles
86%
Blank Space Taylor Swift
85%
Enter Sandman Metallica
82%
Seven Nation Army The White Stripes
82%
Without Me Eminem
81%
Mr. Brightside The Killers
81%
Fortunate Son Creedence Clearwater Revival
78%
No matching quizzes found
Score Distribution
Percent of People with Each Score
Percentile by Number Answered
Your Score History
You have not taken this quiz